[Event "Match"]
[Site "www.echecsemail.com"]
[Date "2016.10.12"]
[Round "1"]
[White "4m6az"]
[Black "Hundegana"]
[WhiteElo "1809"]
[BlackElo "2020"]
[Result "0-1"]
[Round "1"]
1.e4 c5
2.Ng1f3 f6
3.Bf1c4 e6
4.Nb1c3 a6
5.d4 b5
6.Bc4d3 c4
7.Bd3e2 Bc8b7
8.Bc1f4 d6
9.d5 e5
10.Bf4e3 Nb8d7
11.O-O Ng8e7
12.Qd1d2 Qd8c7
13.b3 b4
14.Nc3a4 c3
15.Qd2d1 g5
16.Nf3xg5 fxg5
17.Be3xg5 O-O-O
18.Be2c4 Rd8e8
19.Qd1e2 Nd7b8
20.Bg5f6 Rh8g8
21.Qe2e3 h6
22.Na4b6 Kd8
23.Ra1d1 Nb8d7
24.Nb6xd7 Qc7xd7
25.Qe3b6 Qd7c7
26.Qb6xb4 Rg8g6
27.Bf6xe5 dxe5
28.d6 Rg6xd6
29.Rd1xd6 Kc8
30.Bc4e6 Kb8
31.Rd6d7 Qc7c6
32.Rf1d1 Ne7c8
33.Qb4a5 Bf8d6
34.Be6f5 Bd6c7
35.Qa5b4 h5
36.Rd7h7 Nc8d6
 { time }
0-1

[Event "Match"]
[Site "www.echecsemail.com"]
[Date "2016.10.12"]
[Round "1"]
[White "Irene"]
[Black "4m6az"]
[WhiteElo "2010"]
[BlackElo "1809"]
[Result "1-0"]
[Round "1"]
1.d4 Ng8f6
2.Nb1c3 e6
3.Ng1f3 c6
4.e4 h6
5.e5 Nf6d5
6.Bc1d2 Bf8b4
7.a3 Nd5xc3
8.bxc3 Bb4a5
9.c4 Ba5xd2
10.Qd1xd2 a5
11.c5 b6
12.cxb6 Qd8xb6
13.Bf1d3 c5
14.c3 cxd4
15.cxd4 Bc8b7
16.Bd3e2 Nb8c6
17.O-O O-O
18.Ra1b1 Qb6c7
19.Rb1b5 Nc6d8
20.Rf1c1 Qc7b8
21.Be2d3  { time }
1-0

[Event "Match"]
[Site "www.echecsemail.com"]
[Date "2016.10.12"]
[Round "1"]
[White "Aalekhine"]
[Black "Hansen"]
[WhiteElo "1499"]
[BlackElo "1600"]
[Result "1-0"]
[Round "1"]
1.d4 e6
2.c4 Qd8f6
3.Ng1f3 b6
4.Nb1c3 Bf8b4
5.e3 Ng8h6
6.Bf1d3 Bc8b7
7.e4 Nb8c6
8.e5 Qf6e7
9.O-O Nh6g8
10.Bd3e4 d5
11.exd6 Qe7xd6
12.d5 exd5
13.Be4xd5 Nc6a5
14.Rf1e1 Kd8
15.Bd5xb7 Na5xb7
16.Qd1xd6 Nb7xd6
17.Re1d1 h6
18.Nc3e4 f5
19.Ne4xd6 cxd6
20.Bc1f4 Kd7
21.Nf3e5 Kc7
22.Ne5f7 Rh8h7
23.a3 Bb4c5
24.b4 g5
25.Bf4xd6 Bc5xd6
26.Nf7xd6 Ng8f6
27.Nd6xf5 Nf6e4
28.Rd1e1 Ne4d2
29.Re1e7 Rh7xe7
30.Nf5xe7 g4
31.c5 b5
32.Ra1d1 Nd2e4
33.f3 gxf3
34.gxf3 Ra8g8
35.Ne7xg8 h5
36.fxe4 { resign }
1-0

[Event "Match"]
[Site "www.echecsemail.com"]
[Date "2016.10.12"]
[Round "1"]
[White "Babedad"]
[Black "4m6az"]
[WhiteElo "2210"]
[BlackElo "1809"]
[Result "1-0"]
[Round "1"]
1.c4 e5
2.Nb1c3 b6
3.d3 Bf8c5
4.Ng1f3 Nb8c6
5.g3 Bc8b7
6.Bf1g2 Nc6d4
7.O-O Nd4xf3
8.Bg2xf3 Bb7xf3
9.exf3 Ng8f6
10.Rf1e1 Bc5d4
11.Nc3e2 Bd4c5
12.d4 Bc5b4
13.Ne2c3 Bb4xc3
14.Re1xe5 Kf8
15.bxc3 d6
16.Re5e2 h6
17.Bc1a3 g5
18.Qd1d3 c5
19.d5 Rh8g8
20.Ra1e1 Qd8d7
21.Re2e7 Qd7a4
22.Ba3c1 Qa4xa2
23.h4 gxh4
24.Bc1xh6  { time }
1-0

[Event "Match"]
[Site "www.echecsemail.com"]
[Date "2016.10.12"]
[Round "1"]
[White "4m6az"]
[Black "Yangqi"]
[WhiteElo "1930"]
[BlackElo "2690"]
[Result "0-1"]
[Round "1"]
1.e4 c5
2.c3 Ng8f6
3.d3 Nb8c6
4.Ng1f3 d6
5.h3 g6
6.Nb1d2 Bf8g7
7.Bf1e2 e5
8.Nd2c4 b5
9.Nc4a3 Ra8b8
10.Bc1e3 a5
11.Na3c2 O-O
12.Qd1d2 b4
13.cxb4 axb4
14.b3 Nf6h5
15.g4 Nh5f4
16.a4 Nc6a5
 { time }
0-1

[Event "Match"]
[Site "www.echecsemail.com"]
[Date "2016.10.12"]
[Round "1"]
[White "Ericleo1980"]
[Black "4m6az"]
[WhiteElo "2190"]
[BlackElo "1839"]
[Result "1-0"]
[Round "1"]
1.d4 c6
2.c4 e5
3.dxe5 Bf8b4
4.Bc1d2 Qd8a5
5.Ng1f3 Nb8a6
6.a3 Bb4xd2
7.Qd1xd2 Qa5xd2
8.Nb1xd2 Ng8e7
9.b4  { time }
1-0

[Event "Match"]
[Site "www.echecsemail.com"]
[Date "2016.10.12"]
[Round "1"]
[White "4m6az"]
[Black "Iko"]
[WhiteElo "1960"]
[BlackElo "1630"]
[Result "0-1"]
[Round "1"]
1.c4 e5
2.e3 d5
3.Nb1c3 Ng8f6
4.cxd5 Nf6xd5
5.Qd1a4 Bc8d7
6.Bf1b5 Nd5xc3
7.bxc3 Bd7xb5
8.Qa4xb5 Qd8d7
9.Qb5xb7 Qd7c6
10.Qb7c8 Ke7
11.Ng1f3 Nb8d7
12.Nf3xe5 Nd7xe5
13.Qc8f5 f6
14.O-O g6
15.Qf5c2 Ra8b8
16.d4 Ne5c4
 { time }
0-1

[Event "Match"]
[Site "www.echecsemail.com"]
[Date "2016.10.12"]
[Round "1"]
[White "Genius2"]
[Black "Pariolinius"]
[WhiteElo "1720"]
[BlackElo "1840"]
[Result "0-1"]
[Round "1"]
1.Ng1f3 d5
2.d4 Ng8f6
3.Bc1f4 e6
4.e3 Bf8e7
5.Bf1d3 O-O
6.O-O c5
7.c3 c4
8.Bd3c2 Nb8c6
9.Nb1d2 { time. }
0-1

[Event "Match"]
[Site "www.echecsemail.com"]
[Date "2016.10.12"]
[Round "1"]
[White "Gambitmiau"]
[Black "4m6az"]
[WhiteElo "1860"]
[BlackElo "1809"]
[Result "1-0"]
[Round "1"]
1.e4 e5
2.d4 exd4
3.c3 dxc3
4.Nb1xc3 g6
5.Bf1c4 Bf8g7
6.Qd1f3 Ng8f6
7.Bc1g5 O-O
8.e5 Rf8e8
9.O-O-O Re8xe5
10.Nc3e4 Re5f5
11.Qf3d3 Nb8c6
12.Ng1f3 Nc6b4
13.Qd3b3 a5
14.Ne4xf6 Bg7xf6
15.Bg5xf6 Rf5xf6
16.a3 Nb4c6
17.Nf3g5  { time }
1-0

[Event "Match"]
[Site "www.echecsemail.com"]
[Date "2016.10.12"]
[Round "1"]
[White "Jackbauer"]
[Black "Coraza"]
[WhiteElo "1900"]
[BlackElo "1790"]
[Result "1-0"]
[Round "1"]
1.e4 e5
2.f4 Nb8c6
3.Ng1f3 exf4
4.Bf1b5 Nc6d4
5.Nf3xd4 Bf8c5
6.Nd4f3 c6
7.Bb5d3 Ng8f6
8.c3 Nf6g4
9.Rh1f1 O-O
10.h3 Ng4f6
11.Qd1c2 Rf8e8
12.b3 d5
13.e5 Bc5d6
14.Kd1 Bd6xe5
15.Rf1e1 Qd8d6
16.Bc1a3 c5
17.Ba3b2 c4
18.bxc4 Bc8e6
19.Bb2a3 Qd6b6
20.Nf3xe5 dxc4
21.Bd3f1 Re8d8
22.Ba3e7 Rd8c8
23.Nb1a3 Nf6e8
24.Ra1b1 Qb6c7
25.Be7g5 f6
26.Bg5xf4 fxe5
27.Bf4xe5 Qc7d7
28.Re1e2 b6
29.Re2f2 Rc8c5
30.Be5d4 Rc5a5
31.Na3xc4 Ra5d5
32.Qc2e4 b5
33.Nc4e5 Qd7d6
34.Rb1xb5 Ne8f6
35.Rf2xf6 gxf6
36.Ne5g6 hxg6
37.Qe4xg6 Kf8
38.Qg6xf6 Ke8
39.Qf6h8 Qd6f8
40.Rb5b7 Rd5f5
41.Bf1b5 Kd8
42.Qh8h4 Kc8
43.Rb7e7 Rf5xb5
44.Re7xe6 Rb5b1
45.Kc2 Ra8b8
46.Re6c6 Kd7
47.Rc6f6 Rb1b2
48.Kd3 Qf8e7
49.Qh4g4 Kd8
50.Qg4g8 Kc7
51.Qg8c4 Kd8
52.Rf6h6 Kd7
53.Qc4c6 Kd8
54.Rh6d6 { resign }
1-0

[Event "Match"]
[Site "www.echecsemail.com"]
[Date "2016.10.12"]
[Round "1"]
[White "Hundegana"]
[Black "4m6az"]
[WhiteElo "2040"]
[BlackElo "1980"]
[Result "1-0"]
[Round "1"]
1.d4 e6
2.c4 c5
3.d5 exd5
4.cxd5 c4
5.e4 Qd8f6
6.Bf1xc4 Bf8b4
7.Kf1 a5
8.Qd1e2 b6
9.Ng1f3 h6
10.h4 Ng8e7
11.a3 Bb4c5
12.Ra1a2 Nb8a6
13.e5 Qf6g6
14.Nb1d2 Ne7f5
15.Nd2e4 Nf5d4
16.Nf3xd4 Bc5xd4
17.h5 Qg6f5
18.Ne4d6  { time }
1-0

[Event "Match"]
[Site "www.echecsemail.com"]
[Date "2016.10.12"]
[Round "1"]
[White "Genius2"]
[Black "Pare123"]
[WhiteElo "1720"]
[BlackElo "2010"]
[Result "0-1"]
[Round "1"]
1.e4 g6
2.d4 Bf8g7
3.Nb1c3 Nb8c6
4.Ng1f3 e5
5.d5 Nc6d4
6.Bf1e2 d6
7.O-O Nd4xe2
8.Qd1xe2 Ng8f6
9.Bc1g5 h6
10.Bg5e3 Bc8g4
11.h3 { time. }
0-1

[Event "Match"]
[Site "www.echecsemail.com"]
[Date "2016.10.12"]
[Round "1"]
[White "Vitoriccardo"]
[Black "4m6az"]
[WhiteElo "2000"]
[BlackElo "1960"]
[Result "1-0"]
[Round "1"]
1.e4 e5
2.Ng1f3 Ng8f6
3.d4 Nf6xe4
4.Bf1d3 Ne4xf2
5.Kxf2 exd4
6.Nf3xd4 Qd8h4
7.Kf1 Qh4xd4
8.Nb1c3 Bf8c5
9.Qd1e2 Kd8
10.Bc1d2 Rh8e8
11.Nc3e4 Qd4xb2
12.Bd2c3 Qb2a3
13.Qe2g4  { time }
1-0

[Event "Match"]
[Site "www.echecsemail.com"]
[Date "2016.10.12"]
[Round "1"]
[White "Llord"]
[Black "4m6az"]
[WhiteElo "1900"]
[BlackElo "2040"]
[Result "1-0"]
[Round "1"]
1.e4 c6
2.d4 e5
3.dxe5 Qd8a5
4.Nb1c3 Qa5xe5
5.Ng1f3 Qe5e7
6.Bc1g5 f6
7.Bg5h4 Qe7b4
8.Ra1b1 g5
9.a3 Qb4c5
10.Bh4g3 h5
11.h3 Ng8h6
12.Bf1e2 h4
13.Bg3h2 g4
14.hxg4 Nh6xg4
15.O-O Ng4xh2
16.Nf3xh2 h3
17.g3 Rh8g8
18.Nc3a4 Qc5g5
19.Nh2f3 Qg5f4
20.Kh2 Qf4h6
21.Na4c5 Bf8xc5
22.Nf3h4 d6
23.Rf1e1 Bc5xf2
24.Re1f1 Bf2xg3
25.Kh1  { time }
1-0

[Event "Match"]
[Site "www.echecsemail.com"]
[Date "2016.10.12"]
[Round "1"]
[White "4m6az"]
[Black "Paco"]
[WhiteElo "1809"]
[BlackElo "1920"]
[Result "0-1"]
[Round "1"]
1.d4 d5
2.Nb1c3 Ng8f6
3.g3 Nb8c6
4.Bc1f4 a6
5.Bf1g2 e6
6.Ng1f3 Bf8d6
7.Bf4xd6 Qd8xd6
8.a3 O-O
9.O-O Rf8e8
10.Rf1e1 Nf6e4
11.Nc3xe4 Qd6e7
12.Ne4c3 h5
13.e4 dxe4
14.Nc3xe4 Re8d8
15.c3 e5
 { time }
0-1

[Event "Match"]
[Site "www.echecsemail.com"]
[Date "2016.10.12"]
[Round "1"]
[White "Genius2"]
[Black "Mdesouza"]
[WhiteElo "1720"]
[BlackElo "2380"]
[Result "0-1"]
[Round "1"]
1.Nb1c3 Ng8f6
2.e4 e5
3.g3 d5
4.exd5 Nf6xd5
5.Bf1g2 Bc8e6
6.Ng1e2 Nb8c6
7.O-O Bf8e7
8.d3 Qd8d7
9.Nc3xd5 Be6xd5
10.Ne2c3 { time. }
0-1

[Event "Match"]
[Site "www.echecsemail.com"]
[Date "2016.10.12"]
[Round "1"]
[White "4m6az"]
[Black "Pellix84"]
[WhiteElo "1839"]
[BlackElo "1950"]
[Result "0-1"]
[Round "1"]
1.e3 d5
2.d4 Ng8f6
3.c4 e6
4.Nb1c3 Nb8d7
5.cxd5 exd5
6.Qd1b3 c6
7.g3 Bf8d6
8.Bf1d3 O-O
9.Ng1e2 b6
10.Bc1d2 Bc8b7
11.h3 c5
12.dxc5 Nd7xc5
13.Qb3c2 d4
14.Rh1g1 dxc3
15.Ne2xc3 Nc5xd3
16.Qc2xd3 Bb7f3
17.Qd3f5 Bf3h5
18.Nc3d5 Nf6xd5
19.Qf5xd5 Bh5g6
20.f4 Rf8e8
21.Ke2 Ra8c8
22.f5 Re8e5
23.Qd5f3 Bg6xf5
24.Bd2c3 Bf5d3
25.Kxd3 Rc8xc3
26.bxc3 Bd6c5
27.Kc2 Re5xe3
28.Qf3d1 Qd8e8
29.Rg1e1 Qe8a4
30.Kd2 Qa4xd1
31.Ra1xd1 Re3xg3
32.Re1e8 Bc5f8
33.Kc2 g5
34.Rd1d8 Rg3xh3
35.Re8xf8 Kg7
36.Rf8g8 Kh6
37.Rd8d6 Kh5
38.Rg8g7 Kg4
39.Rg7xf7 h5
40.Rd6d4 Kg3
41.Rf7xa7 g4
42.Ra7h7 Kg2
43.Rd4d2 Kg1
44.Rh7e7 Rh3f3
45.Re7e2 g3
46.Re2g2 Kf1
47.Rg2e2 h4
48.Kd1 Rf3f2
49.Re2e1 Kg2
50.Rd2e2 h3
 { time }
0-1

[Event "1/128 Finale"]
[Site "www.chess-mail.com"]
[Date "2016.10.12"]
[Round "1"]
[White "Osopanda"]
[Black "Llord"]
[WhiteElo "1980"]
[BlackElo "1890"]
[Result "1-0"]
[Round "1"]
1.c4 e5
2.Nb1c3 Ng8f6
3.Ng1f3 Nb8c6
4.d3 Bf8b4
5.Bc1d2 Nc6d4
6.Nf3xd4 exd4
7.Nc3b5 Bb4xd2
8.Qd1xd2 O-O
9.Nb5xd4 c5
10.Nd4f3 d6
11.g3 Bc8g4
12.Bf1g2 Rf8e8
13.O-O h6
14.e3 Nf6h7
15.Ra1e1 Ra8b8
16.h3 Bg4xf3
17.Bg2xf3 Nh7g5
18.Bf3g2 Qd8f6
19.f4 Ng5e6
20.g4 b6
21.Bg2d5 a5
22.Qd2g2 Ne6c7
23.g5 hxg5
24.fxg5 Qf6e7
25.Bd5xf7 Kh8
26.Qg2g4 g6
27.Qg4h4 { resign }
1-0

[Event "1/128 Finale"]
[Site "www.chess-mail.com"]
[Date "2016.10.12"]
[Round "1"]
[White "Guidom"]
[Black "Osopanda"]
[WhiteElo "2080"]
[BlackElo "2020"]
[Result "1-0"]
[Round "1"]
1.e4 c5
2.f4 d6
3.Ng1f3 Nb8c6
4.Bf1e2 e6
5.O-O g6
6.d3 Bf8g7
7.Nb1c3 Ng8e7
8.Bc1e3 O-O
9.Qd1d2 f5
10.e5 Nc6d4
11.Be3xd4 cxd4
12.Nf3xd4 dxe5
13.Nd4b3 b6
14.fxe5 Bc8b7
15.d4 Ne7d5
16.Nc3xd5 Bb7xd5
17.Qd2e3 a5
18.Nb3d2 Ra8c8
19.c3 h5
20.Be2f3 Bd5xf3
21.Nd2xf3 f4
22.Qe3e4 Kh7
23.h4 Rf8f5
24.Nf3g5 Rf5xg5
25.hxg5 Qd8xg5
26.Qe4xf4 Qg5xf4
27.Rf1xf4 b5
28.a3 b4
29.axb4 axb4
30.Ra1a7 bxc3
31.bxc3 Rc8xc3
32.Rf4f7 { resign }
1-0

[Event "Eq:SIETE ESTRELLAS VERDES-Los Tercios : "]
[Site "www.chess-mail.com"]
[Date "2016.10.12"]
[Round "1"]
[White "Lui"]
[Black "Paco"]
[WhiteElo "2470"]
[BlackElo "1920"]
[Result "1-0"]
[Round "1"]
1.e4 e5
2.Ng1f3 Nb8c6
3.Bf1c4 Ng8f6
4.d3 Bf8c5
5.c3 O-O
6.O-O d5
7.exd5 Nf6xd5
8.Rf1e1 Qd8d6
9.Nb1d2 Nd5f4
10.Nd2e4 Nf4xg2
11.Ne4xd6 cxd6
12.Kxg2 Bc8g4
13.Bc1e3 Ra8d8
14.Be3xc5 dxc5
15.Qd1c2 a6
16.Nf3xe5 Nc6xe5
17.Re1xe5 b5
18.Bc4b3 Rd8d6
19.h3 Bg4d7
20.Ra1g1 Kh8
21.Re5xc5 Rd6h6
22.Rg1h1 f5
23.f4 Rf8f6
24.Rh1e1 Rh6g6
25.Kh2 Rg6h6
26.Rc5c8 { resign }
1-0

[Event "Fast Game"]
[Site "www.echecsemail.com"]
[Date "2016.10.12"]
[Round "1"]
[White "Attatroll"]
[Black "Krazy4chess"]
[WhiteElo "1870"]
[BlackElo "1929"]
[Result "1/2-1/2"]
[Round "1"]
1.e4 c5
2.Nb1c3 Nb8c6
3.g4 d6
4.Bf1g2 Nc6d4
5.h3 g6
6.d3 Bf8g7
7.Nc3e2 Qd8b6
8.Ne2xd4 Bg7xd4
9.c3 Bd4g7
10.f4 e6
11.Ng1f3 Ng8e7
12.Qd1c2 Bc8d7
13.Bc1e3 Ra8c8
14.O-O d5
15.Ra1d1 d4
16.Be3d2 dxc3
17.Bd2xc3 Bg7xc3
18.Qc2xc3 O-O
19.Nf3e5 Bd7b5
20.g5 c4
21.d4 Ne7c6
22.Ne5d7 Nc6xd4
23.Rd1xd4 Bb5xd7
24.Kh1 Bd7b5
25.Rf1d1 Rf8d8
26.Rd4xd8 Rc8xd8
27.Rd1xd8 Qb6xd8
28.h4 Qd8d1
29.Kh2 Qd1g4
30.Qc3e5 Qg4xh4
31.Kg1 Bb5c6
32.Qe5b8 Kg7
33.Qb8e5 Kg8
34.Qe5b8 { draw }
1/2-1/2

[Event "Tourn. n8875"]
[Site "www.chess-mail.com"]
[Date "2016.10.13"]
[Round "1"]
[White "Pimpampum"]
[Black "Roserl"]
[WhiteElo "2190"]
[BlackElo "2170"]
[Result "1-0"]
[Round "1"]
1.e4 c5
2.Nb1c3 Nb8c6
3.f4 d6
4.Bf1c4 e6
5.Ng1f3 a6
6.a4 Qd8c7
7.O-O Ng8f6
8.Qd1e1 Bf8e7
9.d3 O-O
10.Qe1g3 Kh8
11.Bc1d2 Bc8d7
12.Nf3g5 h6
13.h4 hxg5
14.hxg5 Nf6h5
15.Qg3h2 g6
16.g4 Kg7
17.gxh5 gxh5
18.Qh2xh5 Rf8h8
19.Qh5g4 Rh8h7
20.Kg2 Ra8h8
21.Rf1h1 Nc6d4
22.Nc3e2 Nd4xc2
23.Rh1xh7 Rh8xh7
24.Ra1h1 Rh7xh1
25.Kxh1 Qc7d8
26.Ne2g3 Qd8h8
27.Kg2 Nc2d4
28.f5 Kf8
29.Bd2f4 b5
30.axb5 axb5
31.Bc4a2 e5
32.Bf4e3 Nd4c2
33.Be3d2 Ke8
34.Qg4d1 Nc2d4
35.Ba2d5 Bd7c6
36.Bd5xc6 Nd4xc6
37.Qd1a1 Kd7
38.Qa1a6 Qh8b8
39.Qa6a2 Qb8g8
40.g6 Be7h4
41.Bd2h6 c4
42.Qa2a6 Kc7
43.g7 cxd3
44.Qa6xb5 d2
45.Qb5d3 Bh4f6
46.Qd3xd2 Bf6xg7
47.Qd2g5 Qg8b8
48.Qg5xg7 { resign }
1-0

[Event "Tourn. n8990"]
[Site "www.chess-mail.com"]
[Date "2016.10.13"]
[Round "1"]
[White "Manuelito"]
[Black "Mao"]
[WhiteElo "1599"]
[BlackElo "1690"]
[Result "1/2-1/2"]
[Round "1"]
1.d4 Ng8f6
2.e3 d5
3.Ng1f3 Bc8g4
4.h3 Bg4h5
5.g4 Bh5g6
6.Bf1g2 e6
7.O-O c5
8.dxc5 Bf8xc5
9.a3 Nb8c6
10.b4 Bc5d6
11.Bc1b2 O-O
12.Nb1c3 Qd8c7
13.Ra1c1 Ra8c8
14.Nc3e2 Rf8d8
15.c3 Nc6e5
16.Ne2d4 a6
17.Nf3xe5 Bd6xe5
18.Qd1e2 b5
19.f4 Be5xd4
20.cxd4 Qc7b7
21.Rc1xc8 Rd8xc8
22.Rf1c1 Rc8xc1
23.Bb2xc1 Qb7c6
24.Bc1b2 Nf6e4
25.Bg2xe4 Bg6xe4
26.Kh2 Qc6c4
27.Qe2xc4 dxc4
28.Bb2c3 Kf8
29.h4 h6
30.Kg3 Ke7
31.g5 h5
32.Kh3 { draw }
1/2-1/2

[Event "Tourn. n8834"]
[Site "www.chess-mail.com"]
[Date "2016.10.13"]
[Round "1"]
[White "Cal"]
[Black "Azulmarino"]
[WhiteElo "1650"]
[BlackElo "1570"]
[Result "0-1"]
[Round "1"]
1.d4 d5
2.h3 Nb8c6
3.e3 Bc8f5
4.Ng1f3 Ng8f6
5.Bf1b5 Qd8d7
6.Bb5xc6 Qd7xc6
7.Nb1c3 g6
8.a3 Nf6e4
9.O-O Bf8h6
10.Bc1d2 O-O
11.Nf3e5 Qc6e6
12.b4 g5
13.Bd2e1 Bf5xh3
14.Qd1h5 Bh3xg2
15.Kxg2 Ne4f6
16.Qh5xh6 g4
17.Rf1h1 Qe6f5
18.Rh1h4 Qf5xc2
19.Nc3xd5 Qc2e4
20.Kg1 Qe4xd5
21.Qh6g5 Kh8
22.Rh4h6 Rf8g8
23.Qg5f5 Rg8g7
24.Ra1c1 Nf6g8
25.Ne5g6 Rg7xg6
26.Qf5xd5 Rg6xh6
27.Qd5xf7 Rh6f6
28.Qf7h5 Ng8h6
29.Rc1xc7 Rf6g6
30.Rc7xe7 Ra8f8
31.d5 Rf8f5
32.e4 Rf5xh5
33.Be1c3 Kg8
34.e5 Nh6f5
35.Re7xb7 a6
36.e6 Nf5g7
37.e7 Ng7e8
38.Rb7b8 Kf7
39.Rb8b7 Rh5h3
40.Bc3e5 Rg6h6
41.Be5f4 Rh3h1
42.Kg2 Rh1e1
43.Bf4xh6 Ne8d6
44.Rb7b6 Kxe7
45.Rb6xa6 Re1d1
46.a4 Rd1xd5
47.b5 Rd5h5
48.Ra6a7 Kd8
49.Bh6f8 Nd6c8
50.Kg3 Nc8xa7
51.Kxg4 Rh5h2
52.Kg3 Rh2h1
53.b6 Na7c6
54.Bf8d6 Kc8
55.Kg2 Rh1d1
56.f4 Rd1xd6
57.Kg3 Nc6d4
58.a5 Kb7
59.Kf2 Ka6
60.Ke3 Kxa5
61.b7 Nd4c6
62.f5 Kb6
63.Kf4 Kxb7
64.Kg5 h6
65.Kh5 Rd6f6
{ resign }
0-1

[Event "Tourn. n8976"]
[Site "www.chess-mail.com"]
[Date "2016.10.13"]
[Round "1"]
[White "Abuelo"]
[Black "Norlavuaram"]
[WhiteElo "2210"]
[BlackElo "2160"]
[Result "0-1"]
[Round "1"]
1.e4 e5
2.Bf1c4 Ng8f6
3.d3 Bf8c5
4.Bc1g5 O-O
5.Qd1f3 Bc5e7
6.Nb1c3 d6
7.h3 Nb8c6
8.Ng1e2 Nc6a5
9.Bg5xf6 Be7xf6
10.Nc3d5 Bf6e7
11.Nd5e3 Na5xc4
12.Ne3xc4 f5
13.O-O fxe4
14.dxe4 Rf8xf3
15.gxf3 Bc8xh3
{ resign }
0-1

[Event "Tourn. n8983"]
[Site "www.chess-mail.com"]
[Date "2016.10.13"]
[Round "1"]
[White "Hansen"]
[Black "Cal"]
[WhiteElo "1570"]
[BlackElo "1660"]
[Result "1-0"]
[Round "1"]
1.e4 e5
2.Bf1c4 Ng8f6
3.Qd1f3 c6
4.d4 exd4
5.Bc1g5 Bf8e7
6.e5 Nf6d5
7.h4 Be7xg5
8.hxg5 Qd8xg5
9.Nb1d2 Qg5xe5
10.Ng1e2 Nd5f6
11.Rh1h4 d3
12.cxd3 h6
13.d4 Qe5d6
14.Nd2e4 Qd6b4
15.Kf1 Qb4xc4
16.Ne4d6 Ke7
17.Nd6xc4 b5
18.Qf3e3 Kf8
19.Nc4d6 Bc8a6
20.Ne2g3 g5
21.Rh4h3 Kg7
22.Ng3f5 Kg6
23.Qe3e7 Rh8h7
24.Qe7f8 b4
25.Kg1 Ba6e2
26.Nf5e7 { resign }
1-0

[Event "Tourn. n8986"]
[Site "www.chess-mail.com"]
[Date "2016.10.13"]
[Round "1"]
[White "Malbertan"]
[Black "Francesco"]
[WhiteElo "2030"]
[BlackElo "1940"]
[Result "1-0"]
[Round "1"]
1.e4 c6
2.d4 d5
3.Nb1c3 dxe4
4.Nc3xe4 Bc8f5
5.Ne4g3 Bf5g6
6.h4 h6
7.Ng1f3 Ng8f6
8.h5 Bg6h7
9.Bf1d3 Bh7xd3
10.Qd1xd3 Nb8d7
11.Bc1f4 Nf6d5
12.Bf4d2 e6
13.O-O-O Bf8d6
14.Ng3e4 Nd5f4
15.Qd3b3 Qd8c7
16.Ne4xd6 Qc7xd6
17.Qb3xb7 O-O
18.Bd2b4 Qd6d5
19.Bb4xf8 Ra8xf8
20.Qb7xa7 Nf4xg2
21.Rd1g1 Qd5xf3
22.Qa7xd7 Qf3xf2
23.Rg1f1 Qf2e3
24.Kb1 Qe3e4
25.Qd7d6 Ng2e3
26.Rf1e1 Qe4xc2
27.Ka1 Ne3c4
28.Qd6b4 Qc2d3
29.Re1d1 Qd3e2
30.Rh1e1 Qe2xh5
31.Qb4xc4 Rf8d8
32.Qc4xc6 { resign }
1-0

[Event "Tourn. n8982"]
[Site "www.chess-mail.com"]
[Date "2016.10.13"]
[Round "1"]
[White "Mitja"]
[Black "Luban"]
[WhiteElo "1950"]
[BlackElo "1990"]
[Result "1-0"]
[Round "1"]
1.d4 d5
2.e3 e6
3.Ng1f3 a6
4.c3 Ng8f6
5.Bf1e2 c5
6.dxc5 Bf8xc5
7.Nb1d2 O-O
8.Nd2b3 Bc5d6
9.O-O Nb8c6
10.Nb3d4 Bc8d7
11.Nd4xc6 Bd7xc6
12.Nf3d4 Qd8d7
13.Nd4xc6 Qd7xc6
14.Qd1d4 e5
15.Qd4d2 Ra8c8
16.h3 Rf8d8
17.Qd2d1 d4
18.cxd4 exd4
19.exd4 Nf6d5
20.Be2f3 Bd6b4
21.a3 Bb4e7
22.Bf3xd5 Qc6xd5
23.Bc1e3 Be7f6
24.Qd1g4 g6
25.Rf1d1 Rc8c2
26.b4 Bf6g7
27.Rd1c1 f5
28.Qg4f4 Rd8c8
29.Rc1xc2 Rc8xc2
30.Qf4b8 Kf7
31.Qb8f4 Qd5c4
32.Qf4d6 Qc4e2
33.Qd6d7 Kg8
34.Qd7e6 Kf8
35.Qe6d6 Kg8
36.Qd6b8 Bg7f8
37.Qb8xb7 f4
38.Qb7d5 Kh8
39.Qd5e5 { resign }
1-0

[Event "Tourn. n8883"]
[Site "www.chess-mail.com"]
[Date "2016.10.13"]
[Round "1"]
[White "Cal"]
[Black "Azulmarino"]
[WhiteElo "1720"]
[BlackElo "1640"]
[Result "0-1"]
[Round "1"]
1.c4 c5
2.Nb1c3 Ng8f6
3.Ng1f3 Nb8c6
4.e4 e5
5.a3 h6
6.d3 d6
7.h3 g5
8.Bc1e3 Bc8e6
9.Bf1e2 a6
10.O-O g4
11.Nf3h4 Nf6h5
12.Be2xg4 Qd8xh4
13.Bg4xe6 fxe6
14.Qd1f3 Rh8g8
15.Kh2 Rg8g7
16.Be3xh6 Rg7f7
17.Qf3e3 Nh5f6
18.Bh6g5 Nf6g4
19.Kg1 Ng4xe3
20.Bg5xh4 Ne3xf1
21.Kxf1 Nc6d4
22.b4 Nd4c2
23.Ra1a2 Nc2d4
24.bxc5 dxc5
25.f3 Bf8e7
26.Bh4xe7 Rf7xe7
27.Kf2 Kd7
28.a4 Nd4c6
29.Ra2b2 Kc7
30.Ke3 Re7g7
31.g4 Rg7h7
32.Rb2h2 Ra8f8
33.h4 Rh7f7
34.g5 Rf7xf3
35.Ke2 Nc6d4
36.Ke1 Rf3f1
37.Kd2 Nd4f3
{ resign }
0-1

[Event "Tourn. n8994"]
[Site "www.chess-mail.com"]
[Date "2016.10.13"]
[Round "1"]
[White "Mao"]
[Black "Albertf"]
[WhiteElo "1710"]
[BlackElo "1700"]
[Result "1-0"]
[Round "1"]
1.e4 e5
2.Ng1f3 Nb8c6
3.Bf1c4 Ng8f6
4.Nb1c3 Bf8c5
5.d3 d6
6.h3 Bc8e6
7.Bc4b3 O-O
8.O-O Qd8d7
9.Bc1g5 Nf6e8
10.Nc3d5 f6
11.Bg5h4 Nc6e7
12.c3 c6
13.Nd5xe7 Qd7xe7
14.d4 exd4
15.cxd4 Be6xb3
16.Qd1xb3 Kh8
17.dxc5 dxc5
18.e5 Qe7c7
19.exf6 Ne8xf6
20.Ra1c1 b6
21.Rf1e1 Nf6d5
22.Bh4g3 Qc7f7
23.Nf3e5 Qf7b7
24.Qb3a4 b5
25.Qa4g4 Nd5f6
26.Qg4e6 Nf6h5
27.Bg3h2 Ra8e8
28.Qe6xc6 Qb7xc6
29.Ne5xc6 a6
30.Bh2d6 Re8xe1
31.Rc1xe1 { resign }
1-0

[Event "Tourn. n8979"]
[Site "www.chess-mail.com"]
[Date "2016.10.13"]
[Round "1"]
[White "Bronstein70"]
[Black "Osopanda"]
[WhiteElo "2230"]
[BlackElo "2030"]
[Result "1-0"]
[Round "1"]
1.e4 c5
2.f4 d6
3.Ng1f3 Nb8c6
4.Bf1b5 Bc8d7
5.c4 e6
6.Nb1c3 a6
7.Bb5xc6 Bd7xc6
8.d4 cxd4
9.Nf3xd4 Bc6d7
10.O-O Ra8c8
11.Qd1e2 Ng8f6
12.e5 dxe5
13.fxe5 Nf6g8
14.Qe2h5 g6
15.Qh5f3 Qd8e7
16.Nc3e4 Bf8g7
17.Ne4d6 Qe7xd6
18.Qf3xf7 Kd8
19.Bc1g5 { resign }
1-0

[Event "Tourn. n8976"]
[Site "www.chess-mail.com"]
[Date "2016.10.13"]
[Round "1"]
[White "Fieldfast"]
[Black "Norlavuaram"]
[WhiteElo "2119"]
[BlackElo "2170"]
[Result "1-0"]
[Round "1"]
1.d4 Ng8f6
2.c4 g6
3.Nb1c3 Bf8g7
4.e4 d6
5.Ng1f3 O-O
6.Bf1e2 e5
7.O-O Nb8c6
8.d5 Nc6e7
9.Nf3e1 Nf6d7
10.Bc1e3 f5
11.f3 Nd7f6
12.c5 f4
13.Be3f2 g5
14.Ne1d3 h5
15.Ra1c1 g4
16.Nc3b5 Ne7g6
17.cxd6 cxd6
18.Nb5c7 gxf3
19.Be2xf3 Bc8g4
20.Nc7xa8 Qd8xa8
21.Rc1c7 Qa8b8
22.Qd1c2 Bg4xf3
23.gxf3 Nf6e8
24.Rc7c8 { resign }
1-0

[Event "Tourn. n8900"]
[Site "www.chess-mail.com"]
[Date "2016.10.13"]
[Round "1"]
[White "Faerieking"]
[Black "Prize64"]
[WhiteElo "2230"]
[BlackElo "2380"]
[Result "1-0"]
[Round "1"]
1.e4 e6
2.d4 d5
3.Nb1c3 Bf8b4
4.e5 c5
5.a3 Bb4xc3
6.bxc3 Ng8e7
7.h4 Qd8c7
8.Ng1f3 Nb8c6
9.Bf1d3 h6
10.Bc1d2 c4
11.Bd3e2 O-O
12.g4 f5
13.g5 h5
14.g6 Ne7xg6
15.Nf3g5  { time }
1-0

[Event "Match"]
[Site "www.echecsemail.com"]
[Date "2016.10.13"]
[Round "1"]
[White "Silent1"]
[Black "Ditto"]
[WhiteElo "1870"]
[BlackElo "1840"]
[Result "1-0"]
[Round "1"]
1.d4 d5
2.c4 dxc4
3.Nb1c3 Bc8f5
4.e3 e6
5.Bf1xc4 Bf8b4
6.Ng1f3 Ng8f6
7.O-O O-O
8.Bc1d2 Nb8c6
9.a3 Bb4d6
10.h3 Nf6e4
11.Nc3xe4 Bf5xe4
12.Bd2c3 a6
13.Bc4e2 Bd6e7
14.Nf3d2 Be4f5
15.Be2g4 Bf5g6
16.Nd2b3 Qd8d5
17.Bg4f3 Qd5d7
18.Nb3c5 Be7xc5
19.dxc5 Qd7e7
20.b4 Ra8b8
21.Bf3xc6 bxc6
22.Qd1c1 Bg6f5
23.Qc1b2 e5
24.Bc3xe5 a5
25.Qb2c3 f6
26.Be5f4 axb4
27.axb4 Rb8d8
28.Rf1d1 Qe7f7
29.Rd1e1 Qf7g6
30.Bf4g3 Bf5e4
31.Re1d1 Rd8b8
32.Rd1d7 Rb8c8
33.Ra1a7 Qg6f5
34.Rd7xc7 Rc8d8
35.Rc7xg7 Kh8
36.Rg7xh7 Qf5xh7
37.Ra7xh7 Be4xh7
38.Bg3h4 Rd8d3
39.Qc3c4 Rd3d5
40.Qc4f4 f5
41.Qf4h6 Rd5d1
42.Kh2 Kg8
43.Qh6e6 Rf8f7
44.Qe6xc6 Rd1d7
45.Bh4g3 Kg7
46.Bg3e5 Kf8
47.Qc6c8 Ke7
48.c6 Rd7d8
49.Qc8b7 Ke6
50.Qb7b5 Rf7e7
51.Be5f4 Bh7g8
52.Qb5e5 Kf7
53.Qe5c5 Kg6
54.Qc5xe7 Rd8a8
55.Qe7g5 Kf7
56.Qg5xf5 { resign }
1-0

[Event "Match"]
[Site "www.echecsemail.com"]
[Date "2016.10.13"]
[Round "1"]
[White "Stanch3vv"]
[Black "Billyg"]
[WhiteElo "1499"]
[BlackElo "1670"]
[Result "0-1"]
[Round "1"]
1.Ng1f3 d6
2.e4 Bc8g4
3.h3 Bg4h5
4.d4 a6
5.Nb1d2 e5
6.c3 Ng8f6
7.Bf1d3 d5
8.exd5 Nf6xd5
9.Qd1a4 c6
10.Nf3xe5 Qd8e7
11.O-O Nb8d7
12.Nd2f3 O-O-O
13.Bd3xa6 Nd7b6
14.Qa4a5 Qe7c7
15.Ba6d3 f6
16.Ne5g4 g6
17.Rf1e1 Bf8e7
18.Nf3d2 Rh8e8
19.Nd2c4 Nb6xc4
20.Bd3xc4 Qc7xa5
{ resign }
0-1